XX Concurso de Cuento Ramón de Zubiría / (Registro nro. 3788)

Detalles MARC
000 -LEADER
fixed length control field 01040nam a2200229Ia 4500
003 - CONTROL NUMBER IDENTIFIER
control field OSt
005 - DATE AND TIME OF LATEST TRANSACTION
control field 20220114132614.0
008 - FIXED-LENGTH DATA ELEMENTS--GENERAL INFORMATION
fixed length control field 191128s2016 ck er 000 j spa d
020 ## - INTERNATIONAL STANDARD BOOK NUMBER
International Standard Book Number 25393286
040 ## - CATALOGING SOURCE
Original cataloging agency CO-JMCR
Transcribing agency CO-JMCR
041 0# - LANGUAGE CODE
Language code of text/sound track or separate title spa
082 04 - DEWEY DECIMAL CLASSIFICATION NUMBER
Classification number C /
Item number CONc
100 ## - MAIN ENTRY--PERSONAL NAME
Personal name Concurso de Cuento Ramón de Zubiría
9 (RLIN) 2476
245 00 - TITLE STATEMENT
Title XX Concurso de Cuento Ramón de Zubiría /
250 ## - EDITION STATEMENT
Edition statement Vigésima edición
260 ## - PUBLICATION, DISTRIBUTION, ETC.
Place of publication, distribution, etc. Bogotá :
Name of publisher, distributor, etc. Kimpres,
Date of publication, distribution, etc. 2016.
300 ## - PHYSICAL DESCRIPTION
Extent 102 páginas ;
Dimensions 24 cm.
505 #0 - FORMATTED CONTENTS NOTE
Formatted contents note Una aventura literaria -- Recordando a Don Ramón -- Relación autores y cuentos -- instrucciones para leer una novela -- Historia de un tipo cualquiera -- El pacto -- El vidente -- Conversación con el jardin -- Bartolo -- El cuento de un cuento -- Un día dificil -- ¿Sepelio o se pelió? -- Somos uno -- Participación -- Memoria
520 3# - SUMMARY, ETC.
Summary, etc. Compilación de diez cuentos participantes en el concurso de cuento Ramón de Zubiría.
650 14 - SUBJECT ADDED ENTRY--TOPICAL TERM
Topical term or geographic name entry element Cuentos colombianos -- Aventura literaria
9 (RLIN) 2477
942 ## - ADDED ENTRY ELEMENTS (KOHA)
Source of classification or shelving scheme Dewey Decimal Classification
Koha item type Books
Existencias
Withdrawn status Lost status Source of classification or shelving scheme Damaged status Not for loan Collection code Home library Current library Date acquired Source of acquisition Cost, normal purchase price Total Checkouts Full call number Barcode Date last seen Date last checked out Copy number Koha item type
    Dewey Decimal Classification     Fiction Biblioteca Pública José María del Castillo y Rada Biblioteca Pública José María del Castillo y Rada 11/28/2019 Donación 0.00 1 C / CONc 201808233 09/11/2024 09/11/2024 Ej.1 Books